000 00309nam a22001337a 4500
008 170825b xxu||||| |||| 00| 0 eng d
020 _a2900872894845
041 _aeng
080 _a070
100 _a39
101 _aMED
245 _aMASS COMUNICATION LIVING IN AMEDIA
_cHANSON.R.E
942 _2udc
_cBK
999 _c25087
_d25087